000 00644nam a2200241Ia 4500
003 OSt
005 20221005124449.0
006 a|||||r|||| 00| 0
007 ta
008 221004b |||||||| |||| 00| 0 eng d
024 _a58586
037 _cTextual
040 _aCRL
_cCRL
_beng
041 _2eng
_aeng
082 _aV2:25xM69w, J62
100 _aGandhi Mohandas Karamchand
245 0 _aMy dear child
_b Letters to Esther Faering ed by Alice M Barnes
250 _a2nd
260 _c1956
650 _aHISTORY
942 _hV2:25xM69w, J62
_cTEXL
_2cc
999 _c1050565
_d1050565